[Event "GER-chT U14 Girls"]
[Site "Dittrichshuette"]
[Date "2005.12.27"]
[Round "1.1"]
[White "Kinzel, Tiffany"]
[Black "Czygan, Sirin"]
[Result "0-1"]
[WhiteElo "1368"]
[BlackElo "1499"]
[PlyCount "94"]
[EventDate "2005.12.27"]
[EventType "team-swiss"]
[EventRounds "6"]
[EventCountry "GER"]
[SourceTitle "CBM 110 Extra"]
[Source "ChessBase"]
[SourceDate "2006.03.10"]
[SourceVersion "2"]
[SourceVersionDate "2006.03.10"]
[SourceQuality "1"]
[WhiteTeam "Stadtilm Blau Weiss U14 Girls"]
[BlackTeam "Wattenscheid U14 Girls"]
[WhiteTeamCountry "GER"]
[BlackTeamCountry "GER"]

1. d4 Nf6 2. e3 g6 3. Bd3 Bg7 4. f4 d6 5. Nf3 b6 6. Nbd2 Bb7 7. c3 0-0 8. 0-0 c5 9. Qe2 Nc6 10. Nb3 Re8 11. Bc2 e6 12. Bd2 e5 13. fxe5 dxe5 14. dxc5 Qd5 15. e4 Qe6 16. cxb6 axb6 17. Ng5 Qd6 18. Be3 Ba6 19. Rfd1 Qc7 20. Qf3 Bc8 21. Rd2 Ng4 22. Bxb6 Qxb6+ 23. Kh1 Nf6 24. a3 Rb8 25. Rc1 Qc7 26. Nc5 Na5 27. b4 Nc4 28. Rf2 Nxa3 29. Ra1 Nxc2 30. Rxc2 Rd8 31. Qf2 Qd6 32. h3 Qc6 33. Qf3 h6 34. Nxf7 Kxf7 35. Ra7+ Bb7 36. Qf1 Ke7 37. Qa6 Qxa6 38. Nxa6 Rd1+ 39. Kh2 Ra1 40. b5 Kf8 41. Nxb8 Rxa7 42. Nc6 Bxc6 43. bxc6 Rc7 44. Re2 Rxc6 45. Re3 Kf7 46. Kg3 Rc4 47. Kf3 h5 0-1

[Event "NRW-ch U14 Girls"]
[Site "Kranenburg"]
[Date "2005.04.01"]
[Round "6"]
[White "Czygan, Sirin"]
[Black "Stroessner, Lena"]
[Result "0-1"]
[WhiteElo "1449"]
[BlackElo "1344"]
[PlyCount "54"]
[EventDate "2005.03.28"]
[EventType "swiss"]
[EventRounds "7"]
[EventCountry "GER"]
[SourceTitle "CBM 105 Extra"]
[Source "ChessBase"]
[SourceDate "2005.05.01"]
[SourceVersion "1"]
[SourceVersionDate "2005.05.01"]
[SourceQuality "1"]

1. e4 e6 2. d4 d5 3. e5 c5 4. c3 Nc6 5. Nf3 Qb6 6. a3 c4 7. g3 f6 8. exf6 Nxf6 9. Bh3 Bd6 10. 0-0 0-0 11. Re1 Ne4 12. Nbd2 Nxd2 13. Nxd2 e5 14. Bxc8 Raxc8 15. dxe5 Nxe5 16. Rf1 Bc5 17. Kg2 Rxf2+ 18. Rxf2 Bxf2 19. Nf3 Nd3 20. b4 Qe6 21. Bd2 Qe4 22. Ra2 Rf8 23. Bc1 Rxf3 24. Rxf2 Rxf2+ 25. Kh3 Rf3 26. Kg2 Re3+ 27. Kh3 Nf2# 0-1

[Event "NRW-ch U14 Girls"]
[Site "Wolfsburg"]
[Date "2004.04.17"]
[Round "7"]
[White "Zemella, Jennifer"]
[Black "Czygan, Sirin"]
[Result "1/2-1/2"]
[WhiteElo "1624"]
[BlackElo "1361"]
[PlyCount "36"]
[EventDate "2004.04.??"]
[EventType "swiss"]
[EventRounds "7"]
[EventCountry "GER"]
[SourceTitle "EXT 2005"]
[Source "ChessBase"]
[SourceDate "2004.11.15"]
[SourceVersion "1"]
[SourceVersionDate "2004.11.15"]
[SourceQuality "1"]

1. e4 e6 2. Qe2 Be7 3. Nf3 d5 4. d3 dxe4 5. dxe4 Nf6 6. g3 Nc6 7. Bg2 b6 8. 0-0 0-0 9. Rd1 Nd7 10. Nc3 Bb7 11. Bf4 Bc5 12. Rd2 Qe7 13. Bxc7 Rac8 14. Bf4 Rfd8 15. Rad1 Nf8 16. Rxd8 Rxd8 17. Rxd8 Nxd8 18. a3 Ng6 1/2-1/2

[Event "NRW-ch U14 Girls"]
[Site "Wolfsburg"]
[Date "2004.04.12"]
[Round "1"]
[White "Czygan, Sirin"]
[Black "Popov, Xenia"]
[Result "1-0"]
[WhiteElo "1361"]
[BlackElo "1010"]
[PlyCount "57"]
[EventDate "2004.04.??"]
[EventType "swiss"]
[EventRounds "7"]
[EventCountry "GER"]
[SourceTitle "EXT 2005"]
[Source "ChessBase"]
[SourceDate "2004.11.15"]
[SourceVersion "1"]
[SourceVersionDate "2004.11.15"]
[SourceQuality "1"]

1. e4 e5 2. Nf3 Nc6 3. d4 Nxd4 4. Nxd4 exd4 5. Qxd4 c6 6. Nc3 Qc7 7. Be3 Nf6 8. e5 Ng8 9. Ne4 Qa5+ 10. c3 Nh6 11. Nd6+ Bxd6 12. exd6 0-0 13. Bxh6 gxh6 14. Be2 c5 15. Qe4 Qd8 16. 0-0 Re8 17. Qf3 Qg5 18. Rad1 Rb8 19. Rd5 Qg6 20. Bd3 Qe6 21. Bc4 Qg6 22. Rf5 Rf8 23. Rf6 Qg7 24. Re1 b6 25. Bd5 Ba6 26. Re4 Bb7 27. Bxb7 Rxb7 28. Rg4 Re8 29. Kf1 1-0